Self-Government, development and political extremism at the regional level: a case study from the Banská Bystrica region in Slovakia

Sociálny, ekonomický, politický a inštitucionálny kontext, ktorý prispieva k volebnému víťazstvu politického extrémizmu na regionálnej úrovni v post-socialistickej Európe a v najproblematickejšom regióne na Slovensku v Banskej Bystrici. Pokus o objasnenie príčin úspechu politickej strany Kotleba-ĽS...

Descrizione completa

Salvato in:
Dettagli Bibliografici
Autore principale: Buček, Ján
Altri autori: Plešivčák, Martin
Natura: Capitolo di libro
Lingua:inglese
Soggetti:
Tags: Aggiungi Tag
Nessun Tag, puoi essere il primo ad aggiungerne!!

MARC

LEADER 00000naa a2200000 4500
001 0238685
005 20220805080135.4
041 0 |a eng 
044 |a SK 
245 1 0 |a Self-Government, development and political extremism at the regional level: a case study from the Banská Bystrica region in Slovakia  |c Ján Buček, Martin Plešivčák 
520 |a Sociálny, ekonomický, politický a inštitucionálny kontext, ktorý prispieva k volebnému víťazstvu politického extrémizmu na regionálnej úrovni v post-socialistickej Európe a v najproblematickejšom regióne na Slovensku v Banskej Bystrici. Pokus o objasnenie príčin úspechu politickej strany Kotleba-ĽSNS na základe socio-ekonomickej a štatistickej analýzy regiónu. 
610 2 0 |a samospráva 
610 2 0 |a štúdie prípadové 
610 2 0 |a rozvoj regionálny 
610 2 0 |a rozvoj sociálno-ekonomický 
610 2 0 |a extrémizmus 
610 2 0 |a východná Európa 
610 2 0 |a Slovensko 
100 1 |a Buček, Ján 
700 1 |a Plešivčák, Martin